Países que começam com a letra A - Statistics

Estatísticas Gerais
  • Esse quiz foi jogado 136 vezes
  • A pontuação média é 11 de 14
Estatísticas das Respostas
País % Correto
Alemanha
92%
Argentina
92%
Austrália
88%
Albânia
87%
Andorra
84%
Argélia
83%
Áustria
82%
Armênia
79%
Azerbaijão
79%
Angola
78%
Afeganistão
73%
África do Sul
69%
Arábia Saudita
69%
Antígua e Barbuda
68%
Nenhum quiz correspondente encontrado
Distribuição das Pontuações
Porcentagem de Pessoas com Cada Pontuação
Percentil de Números Respondidos
Sua Pontuação Histórica
Você não jogou esse quiz